000 00645nam a2200241Ia 4500
003 OSt
005 20220918192557.0
006 a|||||r|||| 00| 0
007 ta
008 220917b |||||||| |||| 00| 0 eng d
024 _a69,137
037 _cTextual
040 _aARTS
_cARTS
_beng
041 _2eng
_aeng
082 _aR3,(Q:31), N3
100 _amesser Richard
_979498
245 0 _aDoes God's existence need proof?
260 _aOxford
_bClarendon Press
_c1993
300 _a160p.
_ccm.
500 _aBib 149-56p; Includes index
942 _hR3,(Q:31), N3
_cTEXL
_2CC
999 _c195300
_d195300